| 000 | 01373nam a22002415i 4500 | ||
|---|---|---|---|
| 001 | 164405 | ||
| 003 | ES-MaACL | ||
| 005 | 20251122063135.0 | ||
| 008 | 990430s1796 sp |||| | lat d | ||
| 040 |
_aM-RACE _bspa _cM-RACE _dCCPB | B |
||
| 100 | 1 |
_aSalas, Pedro de, _d1584-1664 _9156864 |
|
| 245 | 1 | 0 |
_aCompendium latino-hispanum ad utriusque linguae cognitionem veluti lumen / _cPetri de Salas ; accedunt verba sacra ex adversariis Joannis Ludovici de la Cerda diligenter excerpta ; atque etiam hebraica, latino, ac hispano sermoni tam fideliter reddita, ut nihil ultra desiderandum esse videatur. |
| 250 |
_aEditio novissima, longè prae caeteris castigata, magno vocabulorum numero, in gratiam, atque usum studiosae juventutis adaucta, crassisque erroribus summâ vigilantiâ expurgata _ba D. Francisco Cepeda. |
||
| 260 |
_aMatriti : _bapud Viduam, et Filium Petri Marin : _bTypographor. ac Bibliopol. Reg. Societatis sumptibus, _c1796. |
||
| 300 |
_a[8], 1218, [2] p. ; _c4º. |
||
| 510 | 4 |
_aPalau, _c286171 |
|
| 597 | _aSign.: [calderón]4, A-Z8, 2A-2Z8, 3A-3Z8, 4A-4F8, 4G10. | ||
| 650 | 4 |
_aLengua latina- _vDiccionarios- _xEspañol. _914295 |
|
| 700 | 1 |
_aCerda, Juan Luis de la, _d1560-1643 _9126415 |
|
| 700 | 1 |
_aCepeda, Francisco de, _ds. XVIII _937429 |
|
| 852 |
_aES-MaACL _jR-344 _z-- Enc. hol. _x Olim: B-691 |
||
| 999 |
_c164405 _d164405 |
||